| 000 | 00415nmm a2200145Ia 4500 | ||
|---|---|---|---|
| 008 | 251105s9999||||xx |||||||||||||||||und|| | ||
| 041 | _aspa | ||
| 100 | _aWarren, Patricia Nell | ||
| 245 | 0 | _aEl hombre bravo | |
| 264 |
_a[Madrid, España] : _bEditorial Egales, _c2019 |
||
| 300 | _a477 páginas | ||
| 650 | _aNorth American narrative | ||
| 856 | _uhttps://public.digitaliapublishing.com/a/158418 | ||
| 942 | _cCF | ||
| 999 |
_c106650 _d106650 |
||